000 00322nam a2200121Ia 4500
008 220204s9999 xx 000 0 und d
082 _a614.8(035)
_bKIN
100 _aKing, Ralph W
245 0 _aIndustrial hazard and safety handbook
260 _aLondon
_bNewnes-Butterworths
_c1979
700 _aMagid, John
942 _cBK
999 _c31970
_d31970